000
00291nam a22001337a 4500
008
171124b xxu||||| |||| 00| 0 eng d
020
_a
9780073403113
041
_a
eng
080
_a
658.15
100
_a
55
101
_a
NDE
245
_a
ENTREPRENEURSHIP
_c
BAMFORD,CH.E
942
_2
udc
_c
BK
999
_c
38440
_d
38440